Компьютерные измерительные средства: учебное пособие

Dades bibliogràfiques
Autor principal: Ширяев В. В. Владимир Васильевич
Autor corporatiu: Томский политехнический университет (ТПУ)
Sumari:В учебном пособии изложены принципы построения измерительных устройств с помощью плат сбора данных (ПСД), персональных и промышленных компьютеров и специального программного обеспечения. Даны основы метрологического обеспечения, а также современных средств математической обработки многомерных данных. В пособии рассмотрены специфические особенности заземления ПСД, методы подключения различных типов источников сигналов и приемников.
Idioma:rus
Publicat: Томск, Изд-во ТПУ, 2009
Matèries:
Format: Llibre
KOHA link:https://koha.lib.tpu.ru/cgi-bin/koha/opac-detail.pl?biblionumber=184446

MARC

LEADER 00000nam0a2200000 4500
001 184446
005 20240117155540.0
010 |a 9785982985644 
035 |a (RuTPU)RU\TPU\book\200028 
090 |a 184446 
100 |a 20100909d2009 m y0rusy50 ca 
101 0 |a rus 
102 |a RU 
105 |a a j 001zy 
200 1 |a Компьютерные измерительные средства  |e учебное пособие  |f В. В. Ширяев  |g Томский политехнический университет (ТПУ) 
210 |a Томск  |c Изд-во ТПУ  |d 2009 
215 |a 180 с.  |c ил. 
320 |a Библиогр.: с. 177-179. 
330 |a В учебном пособии изложены принципы построения измерительных устройств с помощью плат сбора данных (ПСД), персональных и промышленных компьютеров и специального программного обеспечения. Даны основы метрологического обеспечения, а также современных средств математической обработки многомерных данных. В пособии рассмотрены специфические особенности заземления ПСД, методы подключения различных типов источников сигналов и приемников. 
606 1 |a Компьютерные измерения  |2 stltpush  |3 (RuTPU)RU\TPU\subj\69828  |9 84517 
610 1 |a компьютерные измерительные системы 
610 1 |a схемотехника 
610 1 |a АЦП 
610 1 |a ЦАП 
610 1 |a аналого-цифровые преобразователи 
610 1 |a цифро-аналоговые преобразователи 
610 1 |a интерфейсы 
610 1 |a электромагнитные помехи 
610 1 |a виртуальные измерения 
610 1 |a метрологическое обеспечение 
610 1 |a программное обеспечение 
610 1 |a обработка данных 
610 1 |a данные 
610 1 |a сбор 
610 1 |a учебные пособия 
610 1 |a труды учёных ТПУ 
675 |a 681.3.08(075.8)  |v 3 
700 1 |a Ширяев  |b В. В.  |c специалист в области неразрушающего контроля  |c старший научный сотрудник Томского политехнического университета, кандидат технических наук  |f 1948-  |g Владимир Васильевич  |9 12991 
712 0 2 |a Томский политехнический университет (ТПУ)  |c (1991-2009)  |3 (RuTPU)RU\TPU\col\376 
801 1 |a RU  |b 63413507  |c 20100909 
801 2 |a RU  |b 63413507  |c 20201124  |g RCR 
942 |c BK